[Event "BUL-ch"]
[Site "?"]
[Date "1991.??.??"]
[Round "6"]
[White "Radulov, Ivan"]
[Black "Mitev, Georgi"]
[Result "0-1"]
[WhiteElo "2405"]
[BlackElo "2280"]

1.Nf3 d5 2.g3 c6 3.Bg2 Bg4 4.O-O Nd7 5.d3 Ngf6 6.h3 Bh5 7.g4 Bg6 8.Nh4 e5
9.e3 Ng8 10.Nxg6 hxg6 11.c4 dxc4 12.dxc4 Qc7 13.Nc3 a5 14.b3 O-O-O 15.Qf3 Nc5
16.Ba3 Ne6 17.Bxf8 Rxf8 18.Rac1 Nf6 19.Nd5 e4 20.Qg3 Qxg3 21.fxg3 Nd7 22.Nc3 f5
23.h4 Ne5 24.gxf5 gxf5 25.Bh3 Nf3+ 26.Kg2 Kd7 27.Ne2 g5 28.hxg5 Nexg5 29.Rh1 Nxh3
30.Rxh3 Rxh3 31.Kxh3 Rh8+ 32.Kg2 Rh2+ 33.Kf1 Ke7 34.Rc2 c5 35.a3 Kf6 36.Rb2 Rh1+
37.Kf2 Ne5 38.Kg2 Ra1 39.Nc3 Rxa3 40.Nd5+ Kg5 41.Nf4 b6 42.Nd5 Nd3 43.Rb1 Ra2+  0-1

[Event "Burgas"]
[Site "Burgas"]
[Date "1991.??.??"]
[Round "6"]
[White "Nikov, Nikolai"]
[Black "Zsekov, Zseko"]
[Result "1/2-1/2"]
[WhiteElo "2320"]
[BlackElo "2285"]

1.Nf3 d5 2.g3 Nf6 3.Bg2 c6 4.O-O Bf5 5.b3 h6 6.Bb2 e6 7.d4 Be7 8.Nbd2 O-O
9.c4 Nbd7 10.a3 Re8 11.Qc1  1/2-1/2

[Event "Cacak"]
[Site "Cacak"]
[Date "1991.??.??"]
[Round "7"]
[White "Damljanovic, Branko"]
[Black "Smagin, Sergey"]
[Result "1/2-1/2"]
[WhiteElo "2560"]
[BlackElo "2550"]

1.g3 d5 2.Nf3 c6 3.Bg2 Bg4 4.d3 Nd7 5.b3 e5 6.Bb2 Qa5+ 7.Nbd2 Ba3 8.Qc1 Bxb2
9.Qxb2 Qc7 10.c4 Qd6 11.O-O Ngf6 12.cxd5 cxd5 13.e4 O-O 14.exd5 Qxd5 15.Rae1 Qxd3
16.Nxe5 Nxe5 17.Rxe5 Rae8 18.Nc4 Bf3 19.Rfe1 Bxg2 20.Kxg2 Rxe5 21.Qxe5 Rd8
22.Qa5 a6 23.Qb6 Qd7 24.Re5 h6 25.Ne3 Qd6 26.Qxd6 Rxd6 27.Nc4 Rd7 28.Rc5 b5
29.Rc8+ Kh7 30.Ne3 Rd2 31.Rc2 Rd6 32.Kf3 g6 33.Rc7 Kg7 34.Ra7 h5 35.h3 Nd7
36.Ke2 Nc5 37.f3 Nd3 38.Rc7 Nb4 39.a3 Nc6 40.Nc2 Re6+ 41.Kd2 Rd6+ 42.Ke2 Re6+
43.Kd2 Rd6+  1/2-1/2

[Event "Cacak"]
[Site "Cacak"]
[Date "1991.??.??"]
[Round "9"]
[White "Damljanovic, Branko"]
[Black "Ziatdinov, Raset"]
[Result "1-0"]
[WhiteElo "2560"]
[BlackElo "2515"]

1.Nf3 d5 2.g3 g6 3.Bg2 Bg7 4.O-O e5 5.c4 dxc4 6.Qa4+ c6 7.Qxc4 Ne7 8.d3 O-O
9.Nc3 Nd7 10.Bd2 Nf5 11.Ne4 Nb6 12.Qc2 Re8 13.e3 Qe7 14.a3 Nd5 15.Nc5 Nd6
16.e4 Nc7 17.b4 Bg4 18.a4 b6 19.Nb3 Rac8 20.a5 Ne6 21.axb6 axb6 22.Be3 Qb7
23.Nfd2 Nd4 24.Nxd4 exd4 25.Bf4 Nb5 26.Nc4 Bf8 27.e5 Nc3 28.b5 Nxb5 29.Rfb1 Nc3
30.Rxb6 Qd7 31.Bd2 Nd5 32.Rba6 h5 33.Ra7 Qe6 34.h4 Rb8 35.Re1 Bf5 36.Be4 Nc3
37.Bxf5 Qxf5 38.Raa1 Rb4 39.Rac1 Reb8 40.Bg5 Rb3 41.Qd2 Nd5 42.Re4 Nb4 43.Rf4 Qd7
44.Rf3 Qd5 45.Qf4 Rxd3 46.e6 Rxf3 47.Qxb8 fxe6 48.Ne5 Nd3 49.Nxg6 Qe4 50.Ne7+ Kh7
51.Qe8 Bxe7 52.Qxe7+ Kg8 53.Rb1 Rf8 54.Bh6 Qf5 55.Qg7+  1-0

[Event "CAN-ch"]
[Site "CAN"]
[Date "1991.??.??"]
[Round "?"]
[White "Filipovich, David"]
[Black "Leveille, Francois"]
[Result "0-1"]
[WhiteElo "2240"]
[BlackElo "2325"]

1.Nf3 d5 2.g3 c6 3.Bg2 Nf6 4.O-O a5 5.d3 h6 6.Nbd2 Bf5 7.Qe1 e6 8.e4 Bh7
9.Qe2 a4 10.Re1 Be7 11.Ne5 O-O 12.h4 a3 13.exd5 cxd5 14.Bh3 Nc6 15.Ndf3 Bb4
16.c3 Nxe5 17.Nxe5 axb2 18.Qxb2 Bd6 19.Qxb7 Bxe5 20.Rxe5 Nd7 21.Re3 Nc5 22.Qb5 Ra5
23.Qc6 Nxd3 24.Bd2 Qa8 25.Qxa8 Rfxa8 26.Bf1 Rxa2 27.Rxa2 Rxa2 28.Bxd3 Rxd2
29.Be2 Rc2 30.f4 Be4 31.c4 f5 32.cxd5 exd5 33.Bd3 Rc3 34.Rxe4 fxe4  0-1

[Event "Cappelle op"]
[Site "Cappelle la Grande"]
[Date "1991.??.??"]
[Round "?"]
[White "Mortazavi, Ali"]
[Black "Rausis, Igors"]
[Result "0-1"]
[WhiteElo "2280"]
[BlackElo "2440"]

1.Nf3 d5 2.g3 c6 3.Bg2 Bg4 4.O-O Nd7 5.d3 e5 6.c4 dxc4 7.dxc4 Ngf6 8.Nc3 Be7
9.Qc2 O-O 10.b3 Qc7 11.Bb2 Rfe8 12.h3 Bh5 13.Nh4 Nc5 14.Rad1 Ne6 15.Ne4 Nxe4
16.Qxe4 Bxh4 17.gxh4 Nf4 18.Rde1 Qe7 19.e3 Bg6 20.exf4 Bxe4 21.Rxe4 Rad8
22.fxe5 Rd2 23.Bc3 Rxa2 24.h5 Qg5 25.Rg4 Qxh5 26.e6 Rxe6 27.Rd1 Kf8 28.Bxg7+ Ke7
29.Rgd4 Qg5 30.Bh8 Rae2 31.h4 Qf4 32.Rd7+ Kf8  0-1

[Event "Cappelle op"]
[Site "Cappelle la Grande"]
[Date "1991.??.??"]
[Round "6"]
[White "San Marco, Bruno"]
[Black "Lacrosse, Marc"]
[Result "0-1"]
[WhiteElo "2265"]
[BlackElo "2205"]

1.Nf3 d5 2.g3 c6 3.Bg2 Bg4 4.c4 e6 5.Qb3 Qb6 6.Nc3 Nf6 7.O-O Nbd7 8.d4 Bd6
9.c5 Qxb3 10.axb3 Bc7 11.Bf4 Bxf3 12.Bxc7 Bxg2 13.Kxg2 O-O 14.b4 a6 15.f3 Rfe8
16.e4 Rac8 17.Bd6 e5 18.dxe5 Nxe5 19.Bxe5 Rxe5 20.f4 Re7 21.e5 Nd7 22.Rfe1 Rce8
23.Kf2 f6 24.exf6 Nxf6 25.Rxe7 Rxe7 26.h3 Ne4+ 27.Kf3 Nxc3 28.bxc3 Re4 29.Rd1 Rc4
30.Rd3 a5 31.bxa5 Rxc5 32.g4 Rxa5 33.f5 Ra4 34.Re3 Kf7 35.g5 Rc4 36.Kg3 h6
37.gxh6 gxh6 38.Re6 h5 39.Rh6 h4+ 40.Kf3 Rxc3+ 41.Kg4 d4 42.Rh7+ Kf6 43.Rh6+ Ke5
44.Re6+ Kd5 45.Re8 Re3 46.Rd8+ Ke5 47.Kg5 Rxh3 48.Re8+ Kd5 49.Rd8+ Kc4 50.f6 Rf3
51.Rh8 h3 52.Rh4 b5  0-1

[Event "JUG-chT Cetinje"]
[Site "Cetinje"]
[Date "1991.??.??"]
[Round "2"]
[White "Vasiljevic, Dragan"]
[Black "Karaklajic, Nikola"]
[Result "1/2-1/2"]
[WhiteElo "2345"]
[BlackElo "2375"]

1.Nf3 d5 2.g3 c6 3.Bg2 Bg4 4.O-O e6 5.d3 Nd7 6.Nbd2 Bd6 7.b3 Ne7 8.Bb2 O-O
9.c4 a5 10.a3 b5 11.cxb5 cxb5 12.Ra2 b4 13.Qa1 f6 14.h3 Bh5 15.Nd4 Bf7 16.Nb5 bxa3
17.Nxd6 axb2 18.Qxb2 Bg6 19.Nb5 Qb6 20.Nc3 Ne5 21.Kh2 N5c6 22.Na4 Qa7 23.Raa1 Rac8
24.Rac1 Nb4 25.d4 Rxc1 26.Rxc1 Rc8 27.Rxc8+ Nxc8 28.Qc3 Ne7 29.e3 Be8 30.Bf1 Kf7
31.Be2  1/2-1/2

[Event "JUG-chT Cetinje"]
[Site "Cetinje"]
[Date "1991.??.??"]
[Round "2"]
[White "Vukic, Milan"]
[Black "Smagin, Sergey"]
[Result "1/2-1/2"]
[WhiteElo "2500"]
[BlackElo "2550"]

1.Nf3 d5 2.g3 c6 3.Bg2 Bg4 4.b3 Nd7 5.Bb2 Ngf6 6.O-O e6 7.c4 a5 8.a3 b5 9.cxb5 cxb5
10.d3 Bc5 11.Nbd2 O-O 12.Ra2 Re8 13.Qa1  1/2-1/2

[Event "JUG-chT Cetinje"]
[Site "Cetinje"]
[Date "1991.??.??"]
[Round "4"]
[White "Vukic, Milan"]
[Black "Cvetkovic, Srdjan"]
[Result "1/2-1/2"]
[WhiteElo "2500"]
[BlackElo "2470"]

1.Nf3 d5 2.g3 Nf6 3.Bg2 e6 4.O-O Be7 5.c4 O-O 6.d4 dxc4 7.Qc2 a6 8.a4 Bd7
9.Qxc4 Bc6 10.Bg5 Nbd7 11.Nc3 h6 12.Bxf6 Nxf6 13.Rfd1 a5 14.e3 Bb4 15.Qd3 Qe7
16.Re1 Bxf3 17.Bxf3 c6 18.Red1 Rad8 19.Qc2 c5 20.Nb5 cxd4 21.Nxd4 Rc8 22.Qb3 Rfd8
23.Nc2 Bc5 24.Ne1 e5 25.Qxb7 Qxb7 26.Bxb7 Rxd1 27.Rxd1 Rb8 28.Ba6 e4 29.Bb5 Kf8
30.Nc2 Ke7 31.Kf1 Rd8 32.Rxd8 Kxd8 33.Ke2 Ke7 34.Na1 Ng4 35.h3 Ne5 36.Nb3 Bb6
37.Nd4 g6 38.g4 Nf3 39.Nc6+ Kd6 40.Kf1 Ne5 41.Nb8 Kd5 42.Na6 Kd6 43.b4 Kd5
44.Ke2 Kd6 45.Kd1 f5 46.gxf5 gxf5 47.Kc2 h5 48.Kb3 h4 49.bxa5 Bxa5 50.Nb4 Kc5
51.Nc2 Kd5 52.Ba6 Nf3 53.Bc4+ Ke5 54.Be2 Ng1 55.Bf1 Kd5 56.Nd4 Nf3 57.Bc4+ Kc5
58.Ne6+ Kd6 59.Kc2 Ne5 60.Bb3 Be1 61.Nd4 Bxf2 62.Nxf5+ Kc5 63.Kd2 Nf3+ 64.Ke2 Bg3
65.Be6 Bc7 66.Nh6 Kb4 67.Bd7 Ng5 68.Kf2 Kc3 69.Bg4 Kb4 70.Nf5 Bd8 71.Kg2 Kxa4
72.Nxh4 Nf3 73.Nxf3 exf3+ 74.Kxf3 Kb5 75.e4 Kc6  1/2-1/2

[Event "JUG-chT Cetinje"]
[Site "Cetinje"]
[Date "1991.??.??"]
[Round "4"]
[White "Dizdarevic, Emir"]
[Black "Vujosevic, Vladimir"]
[Result "1-0"]
[WhiteElo "2505"]
[BlackElo "2380"]

1.Nf3 d5 2.g3 Nf6 3.Bg2 Bf5 4.O-O e6 5.d3 h6 6.c4 c6 7.Nc3 Nbd7 8.cxd5 exd5
9.e4 dxe4 10.dxe4 Be6 11.e5 Nd5 12.Nd4 Nxc3 13.bxc3 Nc5 14.Ba3 Bd5 15.Nf5 Bxg2
16.Kxg2 g6 17.Nd6+ Bxd6 18.exd6 Ne6 19.Re1 Qa5 20.d7+ Kd8 21.Qf3 Qd5 22.Re4 c5
23.Rd1 Qc6 24.Qf6+ Kc7 25.Qe5+ Kb6 26.Rd6  1-0

[Event "JUG-chT Cetinje"]
[Site "Cetinje"]
[Date "1991.??.??"]
[Round "7"]
[White "Savicevic, Vlatko"]
[Black "Miladinovic, Igor"]
[Result "1/2-1/2"]
[WhiteElo "2305"]
[BlackElo "2375"]

1.Nf3 d5 2.g3 Nf6 3.Bg2 c6 4.O-O Bg4 5.d3 Nbd7 6.Nbd2 e5 7.e4 dxe4 8.dxe4 h6
9.h3 Be6 10.Qe2 Qc7 11.b3 b5 12.a4 Rb8 13.Bb2 Bd6 14.Ne1 O-O 15.Nd3 Nc5 16.axb5 cxb5
17.f4 Nxd3 18.cxd3 Qc2 19.Bxe5 Bxe5 20.fxe5 Qc5+ 21.Qf2 Qxe5 22.d4 Qc7 23.d5 Bd7
24.Rxa7 Qe5 25.Kh2 Rbc8 26.Qf4 Qd4 27.e5 Qxa7 28.exf6 Rc2 29.fxg7 Kxg7 30.Qf6+ Kg8
31.Ne4 Qa2 32.Qf3 f5 33.Nf2 Qb2 34.Nd3 Qxb3 35.Qd1 Rxg2+ 36.Kxg2 Qxd5+ 37.Kh2 Bc6
38.Nf4 Qxd1 39.Rxd1 Rb8 40.Rd6 Be8 41.Rxh6 b4 42.Rd6 b3 43.Rd1 b2 44.Rb1 Bc6
45.Nd3 Rb3 46.Rxb2 Rxd3 47.Rf2 Rf3 48.Rxf3 Bxf3 49.Kg1  1/2-1/2

[Event "JUG-chT Cetinje"]
[Site "Cetinje"]
[Date "1991.??.??"]
[Round "7"]
[White "Todorcevic, Miodrag"]
[Black "Kozul, Zdenko"]
[Result "0-1"]
[WhiteElo "2480"]
[BlackElo "2580"]

1.Nf3 d5 2.g3 g6 3.Bg2 Bg7 4.d4 Nf6 5.c4 dxc4 6.Nbd2 b5 7.a4 c6 8.Ne5 Nd5
9.O-O O-O 10.Ne4 a6 11.b3 Bf5 12.bxc4 Bxe4 13.Bxe4 Nc3 14.Qd3 Qxd4 15.Qxd4 Nxe2+
16.Kg2 Nxd4 17.f4 f6 18.Nf3 f5 19.Bb2 fxe4 20.Nxd4 c5 21.Ne6 Bxb2 22.Ra2 Rf6
23.Nxc5 Rc6 24.Nxe4 Rxc4 25.Kf3 Bd4 26.axb5 a5 27.Rd1 Bb6 28.Rd5 Ra7 29.h4 Rd7
30.Re5 Rd3+ 31.Kg4 Nd7  0-1

[Event "POL-ch"]
[Site "Cetniewo"]
[Date "1991.??.??"]
[Round "10"]
[White "Urban, Klaudiusz"]
[Black "Grabarczyk, Bogdan"]
[Result "1-0"]
[WhiteElo "2395"]
[BlackElo "2325"]

1.Nf3 d5 2.g3 c6 3.Bg2 Bg4 4.b3 Bxf3 5.exf3 e5 6.Qe2 Bd6 7.Bb2 Qe7 8.f4 f6
9.fxe5 fxe5 10.c4 d4 11.O-O Nd7 12.d3 Ngf6 13.Nd2 O-O-O 14.a3 g5 15.b4 h5
16.Nf3 h4 17.Nxg5 Rdg8 18.Ne4 Nxe4 19.Bxe4 Kb8 20.g4 Nf6 21.h3 Nh5 22.Bc1 Qf6
23.Kh1 Nf4 24.Qf3 Rg7 25.Bxf4 Qxf4 26.Qxf4 exf4 27.Kg2 Re8 28.Kf3 Re5 29.Rab1 Kc8
30.Rfc1 c5 31.Rb2 b6 32.Bd5 Re8 33.Rg1 Rg5 34.Ra2 Kd8 35.bxc5 Bxc5 36.Kxf4 Rg7
37.Kf3 Bd6 38.Be4 Be7 39.Kg2 Bg5 40.Rb1 Re5 41.a4 Rc7 42.Rb5 Rxb5 43.axb5 Ke7
44.Bf5 Kd6 45.Re2 Re7 46.Rxe7 Kxe7 47.Kf3 Bd2 48.Ke4 Be1 49.f4 Bd2 50.g5 Bc1
51.Kf3 Be3 52.Kg4 Bf2 53.Be4 Ke6 54.f5+ Ke5 55.f6  1-0

[Event "POL-ch"]
[Site "Cetniewo"]
[Date "1991.??.??"]
[Round "10"]
[White "Kempys, Marek"]
[Black "Jaracz, Pawel"]
[Result "1/2-1/2"]
[WhiteElo "2335"]
[BlackElo "2300"]

1.Nf3 d5 2.g3 c6 3.Bg2 Bg4 4.d3 e6 5.Nbd2 Bd6 6.e4 Nd7 7.O-O Ne7 8.Qe1 O-O
9.h3 Bh5 10.Nh2 e5 11.Kh1 Qc7 12.Ndf3 b5 13.Nh4 f6 14.Ng4 d4 15.f4 c5 16.Nf5 c4
17.Bd2 Nxf5 18.exf5 Rae8 19.Bd5+ Kh8 20.Qf2 Bf7 21.Qg2 Bxd5 22.Qxd5 Qc5 23.Qb7 Re7
24.a3 Nb6 25.Qf3 exf4 26.Bxf4 Bxf4 27.Qxf4 Nd5 28.Qf2 h5 29.Nh2 Ne3 30.Rfe1 Qxf5
31.Qxf5 Nxf5 32.Rxe7 Nxe7 33.Nf3 Rd8 34.g4 hxg4 35.hxg4 Ng6 36.Re1 cxd3 37.cxd3 Nf4
38.Re4 Nxd3 39.Rxd4 Rxd4 40.Nxd4 a6 41.b3 Nf2+ 42.Kg2 Nxg4 43.Kf3 Ne5+ 44.Ke4 g5
45.Kf5 g4 46.Kxf6 Nf3 47.Ne2 Nd2 48.Kf5 Nxb3 49.Kxg4 Nd2 50.Nd4 Nc4 51.Nc2 Kg7
52.Kf5 Kf7 53.Ke4 Ke6 54.Kd4  1/2-1/2

[Event "Cheliabinsk"]
[Site "Cheliabinsk"]
[Date "1991.??.??"]
[Round "?"]
[White "Panchenko, Alexander N"]
[Black "Sherbakov, Ruslan"]
[Result "1/2-1/2"]
[WhiteElo "2445"]
[BlackElo "2505"]

1.Nf3 d5 2.g3 c6 3.Bg2 Bg4 4.O-O Nd7 5.d3 Ngf6 6.Nbd2 e5 7.e4 dxe4 8.dxe4 Bc5
9.h3 Bxf3 10.Qxf3 O-O 11.Qe2 Re8 12.Nb3 Bb6 13.Be3 Qe7 14.Rad1 Rad8 15.c3 Nc5  1/2-1/2

[Event "EUCup Yerevan-Cheliabinsk"]
[Site "Cheliabinsk"]
[Date "1991.??.??"]
[Round "1"]
[White "Petrosian, Arshak B"]
[Black "Sherbakov, Ruslan"]
[Result "1/2-1/2"]
[WhiteElo "2505"]
[BlackElo "2525"]

1.Nf3 d5 2.g3 c6 3.Bg2 Bg4 4.c4 Nd7 5.cxd5 cxd5 6.Nc3 e6 7.Qa4 Bxf3 8.Bxf3 a6
9.d4 Nf6 10.O-O b5 11.Qd1 Be7 12.Bf4 O-O 13.a4 b4 14.Na2 Nb6 15.Nc1 Nc4 16.Nd3 a5
17.Bg5 Ne4 18.Bxe7 Qxe7 19.Bxe4 dxe4 20.Nc5 e3 21.Qd3 exf2+ 22.Rxf2 Ne5 23.Qe4 Nc4
24.Qd3 Ne5 25.Qe4 Nc4 26.Rc1 Nd6 27.Qd3  1/2-1/2

[Event "Cheliabinsk op"]
[Site "Cheliabinsk"]
[Date "1991.??.??"]
[Round "14"]
[White "Fedorov, Vladislav"]
[Black "Sveshnikov, Evgeny"]
[Result "1-0"]
[WhiteElo "2395"]
[BlackElo "2510"]

1.Nf3 d5 2.g3 Nf6 3.Bg2 c6 4.O-O Bf5 5.b3 e6 6.Bb2 Be7 7.d3 O-O 8.e3 h6 9.Qe2 Bh7
10.Nbd2 a5 11.a4 Na6 12.Ne5 Nd7 13.Nxd7 Qxd7 14.e4 Rfe8 15.Kh1 Nc5 16.f4 Bf8
17.Qf2 Na6 18.Rae1 b5 19.axb5 cxb5 20.exd5 exd5 21.Nf3 Nb4 22.Ne5 Qc7 23.Rc1 a4
24.bxa4 bxa4 25.Ba3 Ra5 26.Bxb4 Bxb4 27.c4 dxc4 28.Rxc4 Qd6 29.Qa2 Ra7 30.Rb1 Bc5
31.Rxa4 Rxa4 32.Qxf7+  1-0

[Event "Chiasso op"]
[Site "Chiasso"]
[Date "1991.??.??"]
[Round "10"]
[White "Hickl, Joerg"]
[Black "Domont, Alexandre"]
[Result "1-0"]
[WhiteElo "2480"]
[BlackElo "2355"]

1.g3 d5 2.Nf3 c6 3.Bg2 Bg4 4.b3 Nd7 5.Bb2 e6 6.O-O Ngf6 7.d3 a5 8.a3 b5 9.Nbd2 Be7
10.h3 Bh5 11.c4 Qb6 12.cxd5 cxd5 13.Qc2 O-O 14.Rac1 Bc5 15.g4 Bg6 16.g5 Nh5
17.Ne5 Nxe5 18.Qxc5 Qb8 19.Qd4 f6 20.gxf6 gxf6 21.Qh4 Qd6 22.Nf3 Nc6 23.Rc2 e5
24.Bc1 Ne7 25.Qg4 Rfc8 26.Rxc8+ Rxc8 27.Nh4 Nf4 28.Bxf4 exf4 29.e4 d4 30.Nf5 Nxf5
31.exf5 Qd7 32.fxg6 Qxg4 33.gxh7+ Kxh7 34.hxg4 Rc5 35.Rb1 Kh6 36.Bf1 Kg5
37.Be2 Rc2 38.Kf1 Ra2 39.Rc1 f3 40.Bxf3 Rxa3 41.Rc5+  1-0

[Event "Chiasso op"]
[Site "Chiasso"]
[Date "1991.??.??"]
[Round "11"]
[White "Domont, Alexandre"]
[Black "Flear, Glenn C"]
[Result "0-1"]
[WhiteElo "2355"]
[BlackElo "2470"]

1.Nf3 d5 2.g3 c6 3.Bg2 Nf6 4.O-O Bf5 5.b3 e6 6.Bb2 Be7 7.d3 h6 8.Nbd2 O-O
9.c4 a5 10.a3 Na6 11.Qc2 Qb6 12.Bc3 Rfc8 13.Qb2 Qd8 14.b4 axb4 15.axb4 Qf8
16.c5 Bh7 17.Ne5 Nc7 18.Nb3 Nb5 19.Bd2 Bd8 20.f4 Bc7 21.Kh1 Qd8 22.Na5 Bxa5
23.bxa5 Nd7 24.Bb4 Nxe5 25.fxe5 Qg5 26.Rf3 d4 27.Raf1 Bg6 28.h4 Qxe5 29.g4 f6
30.Qd2 Kf8  0-1

[Event "Capablanca mem"]
[Site "Cienfuegos"]
[Date "1991.??.??"]
[Round "7"]
[White "Armas, Jorge"]
[Black "Antunes, Antonio"]
[Result "0-1"]
[WhiteElo "2395"]
[BlackElo "2460"]

1.Nf3 d5 2.g3 Nf6 3.Bg2 Bg4 4.c4 c6 5.cxd5 Bxf3 6.Bxf3 cxd5 7.O-O e6 8.Nc3 Be7
9.d3 Nc6 10.e4 dxe4 11.dxe4 O-O 12.Be3 Qa5 13.a3 Rfd8 14.Qe2 Ne5 15.Rfd1 Rac8
16.Kg2 a6 17.Rxd8+ Rxd8 18.Rd1 Rxd1 19.Nxd1 h6 20.Bf4 Nxf3 21.Qxf3 g5 22.Be3 Qe5
23.Nc3 b5 24.Bb6 b4 25.axb4 Bxb4 26.Bc7 Qxc7 27.Qxf6 Bxc3 28.bxc3 a5 29.f4 gxf4
30.gxf4 a4 31.Qd4 a3 32.f5 a2 33.Qa4 Qf4 34.Qxa2 Qxe4+ 35.Kg3 Qxf5 36.Qc4 Qe5+
37.Kf3 Qxh2 38.Qg4+ Kf8 39.Qb4+ Kg7 40.Qg4+ Kf6 41.Qd4+ Qe5 42.Qd8+ Kg7 43.Qc8 Qd5+
44.Ke2 h5 45.c4 Qe4+ 46.Kd2 h4  0-1

[Event "Ingrid Larsen mem (Women)"]
[Site "Copenhagen"]
[Date "1991.??.??"]
[Round "?"]
[White "Haahr, Merete"]
[Black "Palatkova, Eliska"]
[Result "1-0"]
[WhiteElo "2010"]
[BlackElo "2025"]

1.g3 d5 2.Nf3 Nf6 3.Bg2 e6 4.O-O Be7 5.d3 O-O 6.Nbd2 c5 7.c4 Nc6 8.Rb1 Qc7
9.b3 Rd8 10.Bb2 d4 11.a3 e5 12.Ne1 Be6 13.Qc1 Qc8 14.Ne4 Nxe4 15.Bxe4 Bh3
16.Ng2 Rf8 17.f4 exf4 18.Qxf4 h6 19.Bf5 Bxf5 20.Qxf5 Qxf5 21.Rxf5 b6 22.Bc1 Rad8
23.Nf4 Bg5 24.Nd5 Bxc1 25.Rxc1 Rfe8 26.Rf2 Ne5 27.h3 Rd7 28.Rcf1 b5 29.Rb1 Rb8
30.Rf5 f6 31.Ra1 Rd6 32.Kf1 Kf7 33.Rf2 Rb7 34.Ke1 bxc4 35.bxc4 Rb2 36.Kf1 Re6
37.a4 Nd7 38.e4 dxe3 39.Rxb2  1-0

[Event "Politicen Cup"]
[Site "Copenhagen"]
[Date "1991.??.??"]
[Round "?"]
[White "McNab, Colin Anderson"]
[Black "Sokolov, Ivan"]
[Result "1/2-1/2"]
[WhiteElo "2420"]
[BlackElo "2570"]

1.Nf3 d5 2.g3 c6 3.Bg2 Bg4 4.d3 Nd7 5.h3 Bh5 6.O-O e6 7.e4 Bd6 8.Nbd2 Ne7
9.d4 Bc7 10.c4 O-O 11.Qb3 Rb8 12.Re1 Ba5 13.exd5 cxd5 14.Ne5 Nc6 15.Nxd7 Qxd7
16.Qa4 Rfd8 17.g4 Bg6 18.Rd1 Bxd2 19.cxd5 exd5 20.Rxd2 h5 21.Qd1 hxg4 22.hxg4 Re8
23.b3 Qd6 24.Bb2 Qf4 25.Re2 Re4 26.Rxe4 dxe4 27.d5 Rd8 28.Rc1 Qd6 29.Rc4 Qxd5
30.Qxd5 Rxd5 31.Bc3 Rd1+ 32.Kh2 Rc1 33.Kg3 Rc2 34.a4 f6 35.Rc5 a5 36.Bf1 Kh7
37.Bb5 Bf7 38.Bxc6 bxc6 39.Rxc6 Bxb3 40.Rc7 Bxa4 41.Bxa5 Ra2 42.Bb4 Kg8  1/2-1/2

[Event "Copenhagen Unibank"]
[Site "Copenhagen"]
[Date "1991.??.??"]
[Round "2"]
[White "Asanov, Bolat"]
[Black "Hector, Jonny"]
[Result "1-0"]
[WhiteElo "2400"]
[BlackElo "2500"]

1.Nf3 d5 2.g3 c6 3.Bg2 Bg4 4.O-O Nd7 5.d3 e6 6.c4 Bd6 7.Be3 Ne7 8.Qb3 Qb8
9.Nc3 Nf5 10.Bd2 Bxf3 11.exf3 O-O 12.cxd5 exd5 13.Bh3 Nd4 14.Qd1 Ne5 15.Bg2 f5
16.f4 Nf7 17.Qa4 Ne6 18.Rfe1 Nc7 19.Ne2 a5 20.Nd4 Qc8 21.Rac1 c5 22.Nb5 Qd7
23.Nc3 b5 24.Qc2 Be7 25.Nxd5 Nxd5 26.Bxd5 Qxd5 27.Rxe7 Qxa2 28.Be3 Rac8 29.Bxc5 Qd5
30.d4 Rfe8 31.Rce1 Rxe7 32.Rxe7 Nd6 33.Qe2 h6 34.Re5 Qb7 35.f3 Nf7 36.Re7 Qd5
37.Qe6 Rd8 38.Qxd5 Rxd5 39.Rb7 b4 40.Ra7 Nd8 41.Rxa5 Nc6 42.Ra8+ Kf7 43.Kf2 Nxd4
44.Bxb4 g5 45.Ra7+ Kg8 46.fxg5 hxg5 47.Bc3 f4 48.Re7 Nb5 49.Re4 Nxc3 50.bxc3 Rd2+
51.Re2 Rd3 52.Rc2 Kf7 53.c4 Ke6 54.c5 Kd7 55.c6+ Kc7 56.Kg2 Ra3 57.gxf4 gxf4
58.h4 Ra8 59.Kh3 Rg8 60.Rg2 Ra8 61.Rg6 Ra1 62.h5  1-0

[Event "Copenhagen op"]
[Site "Copenhagen"]
[Date "1991.??.??"]
[Round "7"]
[White "Larsen, Flemming Bo"]
[Black "Holmsgaard, Henrik"]
[Result "1/2-1/2"]
[WhiteElo "2300"]
[BlackElo "2310"]

1.g3 d5 2.Nf3 Nf6 3.Bg2 Bf5 4.O-O e6 5.d3 Be7 6.Nbd2 h6 7.b3 O-O 8.Bb2 c5
9.Qe1 Nc6 10.e4 Bh7 11.Qe2 c4 12.Ne5 cxd3 13.cxd3 Rc8 14.Rfc1 Bb4 15.Nxc6 Rxc6
16.exd5 exd5 17.a3 Re8 18.Qd1 Bc5 19.b4 Bb6 20.Nb3 Qe7 21.Bf3 h5 22.Qd2 Ng4
23.Nc5 Bxc5 24.Rxc5 Rxc5 25.bxc5 Qxc5 26.Bxg4 hxg4 27.Qg5 Bg6 28.Qxg4 Qb5
29.Qd4 f6 30.Rd1 Re2 31.Ba1 Qb3 32.Rc1 Re8 33.Bc3 Qb5 34.Rd1 b6 35.a4 Qb3
36.Rc1 Rc8 37.Kg2 Rc7 38.g4 Bf7 39.h4 Qa3 40.Bb2 Qe7 41.Rxc7 Qxc7 42.g5 Qc5
43.Qxc5  1/2-1/2

[Event "Copenhagen Unibank"]
[Site "Copenhagen"]
[Date "1991.??.??"]
[Round "7"]
[White "Malaniuk, Vladimir P"]
[Black "Kishnev, Sergey"]
[Result "1-0"]
[WhiteElo "2510"]
[BlackElo "2540"]

1.Nf3 d5 2.g3 Nf6 3.Bg2 Bf5 4.d3 e6 5.O-O Be7 6.c4 c6 7.cxd5 exd5 8.Nc3 O-O
9.Nd4 Bd7 10.e4 c5 11.Nf5 Bxf5 12.exf5 Nc6 13.Bg5 Qd7 14.g4 h6 15.Bh4 d4
16.Bxf6 Bxf6 17.Ne4 Be7 18.Rc1 b6 19.a3 Rac8 20.f4 Na5 21.Qf3 f6 22.h4 c4
23.g5 cxd3 24.gxh6 Qxf5 25.Ng3 Qd7 26.b4 Rc3 27.Qd5+ Qxd5 28.Bxd5+ Kh7 29.hxg7 Rd8
30.g8=Q+ Rxg8 31.Bxg8+ Kxg8 32.bxa5 d2 33.Rxc3 dxc3 34.Ne4 Bc5+ 35.Kg2 Bd4
36.axb6 axb6 37.f5  1-0

[Event "Copenhagen Unibank"]
[Site "Copenhagen"]
[Date "1991.??.??"]
[Round "9"]
[White "Sorensen, Torben"]
[Black "Kishnev, Sergey"]
[Result "0-1"]
[WhiteElo "2280"]
[BlackElo "2540"]

1.Nf3 d5 2.g3 Bg4 3.Bg2 Nd7 4.c4 e6 5.b3 Ngf6 6.Bb2 Bd6 7.O-O O-O 8.d3 c6
9.Nbd2 Qe7 10.h3 Bh5 11.Nh4 g5 12.Nhf3 h6 13.Re1 e5 14.e4 d4 15.Qc2 a5 16.a3 Bg6
17.Nf1 Nc5 18.N1h2 Qd7 19.b4 Na6 20.c5 Bc7 21.Qc4 Qe6 22.Qxe6 fxe6 23.Reb1 axb4
24.axb4 Nxb4 25.Rxa8 Rxa8 26.Bxd4 Nxd3 27.Rxb7 exd4 28.Rxc7 Ra1+ 29.Bf1 Nxe4
30.Ng4 h5 31.Nge5 Nxe5 32.Nxe5 d3 33.Kg2 d2 34.Be2 Nc3 35.Rd7 Be4+ 36.f3 Bd5  0-1

[Event "Cordoba op"]
[Site "Cordoba"]
[Date "1991.??.??"]
[Round "?"]
[White "Plesec, Damjan"]
[Black "Medina Garcia, Antonio Angel"]
[Result "1/2-1/2"]
[WhiteElo "2335"]
[BlackElo "2370"]

1.Nf3 d5 2.g3 Nf6 3.Bg2 Bf5 4.c4 c6 5.cxd5 cxd5 6.Nc3 Nc6 7.Qa4 Qd7 8.d4 e6
9.O-O Be7 10.Bf4 O-O 11.Rac1 Rfc8 12.Nh4 Bg6 13.Nxg6 hxg6 14.e4 dxe4 15.Be3 Rab8
16.Nxe4 b5 17.Qd1 Nb4 18.Qb3 Nbd5 19.Nxf6+ gxf6 20.Bxd5 Qxd5 21.Qxd5 exd5
22.Bf4 Ra8 23.h4 Kf8 24.Rfe1 Bb4 25.Rxc8+ Rxc8 26.Rc1 Rc4 27.Be3 f5 28.Kg2  1/2-1/2

[Event "Cordoba op"]
[Site "Cordoba"]
[Date "1991.??.??"]
[Round "?"]
[White "Cisneros, Lucas"]
[Black "Medina Garcia, Antonio Angel"]
[Result "1/2-1/2"]
[WhiteElo "2240"]
[BlackElo "2370"]

1.Nf3 d5 2.g3 Nf6 3.Bg2 Bf5 4.b3 e6 5.Bb2 Nbd7 6.c4 c6 7.O-O h6 8.d3 Be7
9.Nbd2 O-O 10.Rc1 a5 11.a3 Bh7 12.Qc2 Qb6 13.h3 Rfd8 14.Qb1 Qa6 15.Qa1 Ne8
16.Ne5 Bf6 17.Ndf3 Qa7 18.Nxd7 Rxd7 19.Bxf6 Nxf6 20.Ne5 Rdd8 21.c5 Nd7 22.Nxd7 Rxd7
23.Qd4 Qb8 24.f4 Ra6 25.Rc3 f6 26.h4 Re7 27.Qe3 Qd8 28.d4 Ra8 29.Qf2 Qd7
30.Re3 Rae8 31.Bh3 Be4 32.g4 f5 33.g5 hxg5 34.hxg5 g6 35.Bg2 Rh7 36.Bxe4 fxe4
37.Kg2 Kg7 38.Rh1 Rxh1 39.Kxh1 Rh8+ 40.Kg2 Kf8 41.Rh3 Rxh3 42.Kxh3 Qg7 43.e3 Qh7+
44.Kg2 Qh5 45.Qe1  1/2-1/2

[Event "Corfu op"]
[Site "Corfu"]
[Date "1991.??.??"]
[Round "9"]
[White "Mastrokoukos, Georgios"]
[Black "Efimov, Igor"]
[Result "0-1"]
[WhiteElo "2310"]
[BlackElo "2470"]

1.Nf3 d5 2.g3 g6 3.Bg2 Bg7 4.d4 Nh6 5.O-O O-O 6.Nbd2 Nc6 7.e4 dxe4 8.Nxe4 Nf5
9.c3 Nd6 10.Nxd6 cxd6 11.d5 Nb8 12.Re1 Nd7 13.Bg5 Nf6 14.Qd2 Re8 15.Re2 Bd7
16.b3 Rc8 17.Rae1 Rc7 18.a4 Bg4 19.h3 Bxf3 20.Bxf3 Qc8 21.Bxf6 Bxf6 22.Bg4 Bxc3
23.Qxc3 Rxc3 24.Bxc8 Rexc8 25.Rxe7 Rxb3 26.Rd7 Rc2 27.Rxd6 Rf3 28.Rd8+ Kg7
29.Rf1 a5 30.Rb8 Rb2 31.Rd1 Rfxf2 32.d6 Rg2+ 33.Kh1 Rh2+ 34.Kg1 Rhg2+ 35.Kh1 Rh2+
36.Kg1 Rbg2+ 37.Kf1 Rf2+ 38.Kg1 Rfg2+ 39.Kf1 Rxg3 40.Rxb7 Rh1+ 41.Kf2 Rxd1
42.Kxg3 Rxd6 43.Rb5 Ra6 44.Kg4 f5+ 45.Kf4 Kf6 46.h4 h6 47.h5 g5+ 48.Kf3 Rc6
49.Rxa5 g4+ 50.Kg3 Rc3+ 51.Kf2 Ra3  0-1

[Event "CZE-ch"]
[Site "CSR"]
[Date "1991.??.??"]
[Round "2"]
[White "Pribyl, Martin"]
[Black "Brychta, Ivan"]
[Result "1-0"]
[WhiteElo "2305"]
[BlackElo "2300"]

1.Nf3 d5 2.g3 c5 3.Bg2 Nc6 4.d4 c4 5.Nc3 f5 6.O-O e6 7.Bg5 Nf6 8.b3 Bb4 9.Nb1 b5
10.a4 Qa5 11.c3 Bd6 12.Bxf6 gxf6 13.Nbd2 cxb3 14.Qxb3 b4 15.c4 Ne7 16.cxd5 exd5
17.e3 Ba6 18.Rfc1 Kd7 19.Nh4 Rac8 20.Bh3 Rc3 21.Rxc3 bxc3 22.Nxf5 Nxf5 23.Bxf5+ Ke7
24.Nf3 Rb8 25.Qd1 Rb2 26.Ne1 Be2 27.Qc1 Rd2 28.Qb1 Rb2 29.Qc1 Rd2 30.Bc2 Bb4
31.Ng2 Qc7 32.Nf4 Bf3 33.Bb3 Kd6 34.Bc2 Qc4 35.a5 a6 36.Qb1 Qb5 37.Nd3 Bxa5
38.Qa2 Bb6 39.Qa3+ Kd7 40.Ba4 c2 41.Bxb5+ axb5 42.Nb2 Kc6  1-0